书目信息 |
| 题名: |
中华上下五千年大全集
|
|
| 作者: | 于海娣 , 黎娜 编著 | |
| 分册: | ||
| 出版信息: | 北京 华文出版社 2009.11 |
|
| 页数: | 426页 | |
| 开本: | 28cm | |
| 丛书名: | ||
| 单 册: | ||
| 中图分类: | K209 | |
| 科图分类: | ||
| 主题词: | 通史--中国--通俗读物 | |
| 电子资源: | ||
| ISBN: | 978-7-5075-2797-1 | |
| 000 | 00824nam0 2200241 450 | |
| 001 | 012010609402 | |
| 005 | 20100522174037.26 | |
| 009 | 012004421087 | |
| 010 | @a978-7-5075-2797-1@dCNY29.80 | |
| 100 | @a20100515d2009 em y0chiy0110 ea | |
| 101 | 0 | @achi |
| 102 | @aCN@b110000 | |
| 105 | @aa z 000yy | |
| 200 | 1 | @a中华上下五千年大全集@Azhong hua shang xia wu qian nian da quan ji@f于海娣, 黎娜编著@Fyu hai di,li na bian zhu |
| 210 | @a北京@c华文出版社@d2009.11 | |
| 215 | @a426页@c图@d28cm | |
| 330 | @a本书讲述了中华五千年历史,以时间为序,精选了重大事件、风云人物、辉煌成就、灿烂文化等内容,分为华夏起源、中原争霸、九州一统等7个篇章。 | |
| 606 | 0 | @a通史@y中国@x通俗读物 |
| 690 | @aK209@v4 | |
| 701 | 0 | @a于海娣@Ayu hai di@4编著 |
| 701 | 0 | @a黎娜@Ali na@4编著 |
| 801 | 0 | @aCN@c20100515 |
| 905 | @dK209@eY710@f3 | |
| 中华上下五千年大全集/于海娣, 黎娜编著.-北京:华文出版社,2009.11 |
| 426页:图;28cm |
| ISBN 978-7-5075-2797-1:CNY29.80 |
| 本书讲述了中华五千年历史,以时间为序,精选了重大事件、风云人物、辉煌成就、灿烂文化等内容,分为华夏起源、中原争霸、九州一统等7个篇章。 |
| ● |
| 相关链接 |
|
|
|
正题名:中华上下五千年大全集
索取号:K209/Y710
 
预约/预借
| 序号 | 登录号 | 条形码 | 馆藏地/架位号 | 状态 | 备注 |
| 1 | 982347 | 209823477 | 社科库309/309社科库 36排7列3层/ [索取号:K209/Y710] | 在馆 | |
| 2 | 982348 | 209823486 | 社科库309/ [索取号:K209/Y710] | 在馆 | |
| 3 | 982349 | 209823495 | 社科库309/309社科库 32排2列2层/ [索取号:K209/Y710] | 在馆 |